|
|
|
|
| LEADER |
00000nam0a2200000 4500 |
| 001 |
134588 |
| 005 |
20231031135726.0 |
| 010 |
|
|
|a 5762501922
|
| 020 |
|
|
|a RU
|b 90-28507
|
| 035 |
|
|
|a (RuTPU)RU\TPU\book\145892
|
| 090 |
|
|
|a 134588
|
| 100 |
|
|
|a 20080401d1990 m y0rusy5003 ca
|
| 101 |
0 |
|
|a rus
|
| 102 |
|
|
|a RU
|
| 105 |
|
|
|a y z 000ay
|
| 200 |
1 |
|
|a Ночные смены
|e Романы
|f Н. Н. Вагнер
|g худож. В. Н. Аверкиев
|
| 210 |
|
|
|a Пермь
|c Пермское книжное издательство
|d 1990
|
| 215 |
|
|
|a 443,[3] с.
|
| 333 |
|
|
|a Исключено из фонда НТБ ТПУ
|
| 700 |
|
1 |
|a Вагнер
|b Н. Н.
|g Николай Николаевич
|
| 702 |
|
1 |
|a Аверкиев
|b В. Н.
|4 440
|
| 801 |
|
0 |
|a RU
|b RuMRKP
|c 19950417
|g psbo
|
| 801 |
|
1 |
|a RU
|b 63413507
|c 20080401
|g PSBO
|
| 801 |
|
2 |
|a RU
|b 63413507
|c 20220513
|g PSBO
|
| 942 |
|
|
|c BK
|